000 00226nam a22000857a 4500
008 160804b xxu||||| |||| 00| 0 eng d
100 _916
_aMalhotra S
245 _aEveryday Science-VIII
260 _aNew Delhi
_bFrank Publication
_c2012
999 _c2666
_d2666